| 000 | 00705nam a2200217 i 4500 | ||
|---|---|---|---|
| 001 | 101465 | ||
| 003 | ES-MaACL | ||
| 005 | 20230906182921.0 | ||
| 007 | t| | ||
| 008 | 051019s1966 sp ||||1| spa d | ||
| 100 | 1 |
_aMeans, James Howard. _979636 |
|
| 245 | 1 | 0 |
_aEnfermedades del tiroides / _cpor James Howard Means, Leslie J. De Groot, John B. Stanbury; versión... Jorge Mota Revellat. |
| 250 | _a[1ª ed.]. | ||
| 260 |
_aBarcelona : _b[s.n.], _c1966. |
||
| 300 |
_aX, 620 p. : _bil. ; _c24 cm. |
||
| 650 | 4 |
_aTiroides. _9136932 |
|
| 700 | 1 |
_aDe Groot, Leslie J. _943053 |
|
| 700 | 1 |
_aStanbury, John B. _9107887 |
|
| 700 | 1 |
_aMota Revellat, Jorge. _983821 |
|
| 852 |
_aES-MaACL _jC-30214 _bR.60617 |
||
| 999 |
_c101465 _d101465 |
||